Focus (Record no. 83385)
[ view plain ]
| 000 -LEADER | |
|---|---|
| fixed length control field | 01182cab a22002295a 4500 |
| 001 - CONTROL NUMBER | |
| control field | L153816 |
| 008 - FIXED-LENGTH DATA ELEMENTS--GENERAL INFORMATION | |
| fixed length control field | 110906e20110903xxk 000 0 eng d |
| 035 ## - SYSTEM CONTROL NUMBER | |
| System control number | (Sirsi) u153816 |
| 041 0# - LANGUAGE CODE | |
| Language code of text/sound track or separate title | eng |
| 100 1# - MAIN ENTRY--PERSONAL NAME | |
| Personal name | Morrison, Adrian |
| 245 00 - TITLE STATEMENT | |
| Title | Focus |
| Remainder of title | Surrey, Sussex and Kent |
| 260 ## - PUBLICATION, DISTRIBUTION, ETC. | |
| Date of publication, distribution, etc. | 2011 |
| 490 ## - SERIES STATEMENT | |
| Series statement | Estates Gazette |
| Volume/sequential designation | (1135) 3 September 2011, 89-97(8) |
| 520 ## - SUMMARY, ETC. | |
| Summary, etc. | Reports on attempts to discourage Nestle, Croydon's largest employer from pulling out of the town and outlines plans for the town's regeneration. Compares the fortunes of the fortunes of retail markets between the more successful cities and towns such as Brighton, Bromley and Guildford and other less prosperous such as Maidstone and Crawley. Eastbourne is planning to redevelop the Arndale Shopping Centre. Office, retail and industrial take up and rents in Bromley, Camberley, Croydon, Frimley, Guildford, Kingston, Leatherhead, Redhill, Richmond, West Malling, Weybridge, Woking, Brighton and Eastbourne, |
| 590 ## - LOCAL NOTE (RLIN) | |
| Local note | KA |
| 651 #4 - SUBJECT ADDED ENTRY--GEOGRAPHIC NAME | |
| Geographic name | SUSSEX |
| 651 #4 - SUBJECT ADDED ENTRY--GEOGRAPHIC NAME | |
| Geographic name | SURREY |
| 651 #4 - SUBJECT ADDED ENTRY--GEOGRAPHIC NAME | |
| Geographic name | KENT |
| 690 ## - LOCAL SUBJECT ADDED ENTRY--TOPICAL TERM (OCLC, RLIN) | |
| Topical term or geographic name as entry element | PROPERTY-COMMERCIAL PROPERTY-COMMERCIAL PROPERTY MARKET |
| 700 1# - ADDED ENTRY--PERSONAL NAME | |
| Personal name | Hamilton, Helen |
| 942 ## - ADDED ENTRY ELEMENTS (KOHA) | |
| Suppress in OPAC | 0 |
| Withdrawn status | Lost status | Source of classification or shelving scheme | Damaged status | Not for loan | Home library | Current library | Shelving location | Date acquired | Total Checkouts | Full call number | Barcode | Date last seen | Copy number | Price effective from | Koha item type |
|---|---|---|---|---|---|---|---|---|---|---|---|---|---|---|---|
| Dewey Decimal Classification | London | London | Journal article | 06/09/2011 | L153816 | 153816-1001 | 06/08/2019 | 1 | 06/08/2019 | Journal article |